|
|
|
|
| LEADER |
00000nam0a2200000 4500 |
| 001 |
140223 |
| 005 |
20231031142007.0 |
| 035 |
|
|
|a (RuTPU)RU\TPU\book\151895
|
| 090 |
|
|
|a 140223
|
| 100 |
|
|
|a 20080623d1979 k y0rusy50 ca
|
| 101 |
0 |
|
|a rus
|
| 102 |
|
|
|a RU
|
| 105 |
|
|
|a a z 001zy
|
| 200 |
1 |
|
|a Фазовый переход металл-полупроводник и его применение
|f А. А. Бугаев, Б. П. Захарченя, Ф. А. Чудновский
|g Академия наук СССР (АН СССР), Физико-технический институт им. А. Ф. Иоффе (ФТИ)
|
| 210 |
|
|
|a Ленинград
|c Наука
|d 1979
|
| 215 |
|
|
|a 183 с.
|c ил.
|
| 320 |
|
|
|a Библиогр.: с. 169-180.
|
| 610 |
1 |
|
|a МДП-структуры
|
| 610 |
1 |
|
|a металл-диэлектрик-металл
|
| 610 |
1 |
|
|a фазовые переходы
|
| 610 |
1 |
|
|a механизмы
|
| 610 |
1 |
|
|a свойства
|
| 610 |
1 |
|
|a теплопроводность
|
| 610 |
1 |
|
|a применение
|
| 610 |
1 |
|
|a оптические свойства
|
| 610 |
1 |
|
|a индикаторные устройства
|
| 675 |
|
|
|a 621.315.59
|v 3
|
| 700 |
|
1 |
|a Бугаев
|b А. А.
|g Алексей Алексеевич
|
| 701 |
|
1 |
|a Захарченя
|b Б. П.
|g Борис Петрович
|
| 701 |
|
1 |
|a Чудновский
|b Ф. А.
|g Феликс Абрамович
|
| 712 |
0 |
2 |
|a Академия наук СССР (АН СССР)
|b Физико-технический институт им. А. Ф. Иоффе (ФТИ)
|c (Ленинград)
|2 stltpush
|3 (RuTPU)RU\TPU\col\12056
|
| 801 |
|
1 |
|a RU
|b 63413507
|c 20080623
|g PSBO
|
| 801 |
|
2 |
|a RU
|b 63413507
|c 20180425
|g PSBO
|
| 942 |
|
|
|c BK
|